000 00946 a2200265 4500
003 OSt
005 20230828142924.0
008 230218s2013 mx ad||f |||| 001 0 spa d
020 _a9786077075882
040 _cCHAP
082 0 0 _222
_a153.9
_bS66 2013
100 1 _9187784
_aSánchez González, Lizbeth
245 1 _aHabilidades intelectuales:
_buna guía para su potenciación /
_cpor Lízbeth Sánchez González y Rafael Andrade Esparza
250 _aSegunda edición
264 _aMéxico:
_bAlfaomega,
_c2013.
300 _a255 páginas:
_bIlustraciones, cuadros, gráfica, tablas.
490 1 _aEducación.
504 _aIncluye índice y bibliografía
650 4 _96380
_aAptitudes
650 4 _9136818
_aEducación basada en la competencia
_xMetodología
650 4 _96371
_aAprendizaje
_xEvaluación
700 1 _9187785
_aAndrade Esparza, Rafael
830 _9187635
_aEducación.
_pPedagogía y didáctica.
942 _cLibro
_2ddc
999 _c218378
_d218378